[Event "Lichtenberger Sommer 2016"]
[Site "?"]
[Date "2016.08.20"]
[Round "8.4"]
[White "Schneider, Christian"]
[Black "Melamed, Tatjana"]
[Result "0-1"]
[WhiteElo "2220"]
[BlackElo "2318"]
[PlyCount "78"]
[EventDate "2016.??.??"]
[WhiteTeam "SG Stadtilm"]
[BlackTeam "AE Magdeburg"]

1. c4 Nf6 2. g3 g6 3. Bg2 Bg7 4. e4 d6 5. Ne2 O-O 6. O-O c6 7. Nbc3 a6 8. d4 b5
9. b3 e5 10. dxe5 dxe5 11. Ba3 Re8 12. Qxd8 Rxd8 13. Rfd1 Re8 14. Bd6 Be6 15.
cxb5 axb5 16. Nc1 Nbd7 17. a4 Bf8 18. b4 bxa4 19. Bxf8 Kxf8 20. Rxa4 Rxa4 21.
Nxa4 Rb8 22. Nb2 c5 23. Nbd3 cxb4 24. Rd2 b3 25. Rb2 Rb5 26. Bf1 Bc4 27. f3 Ne8
28. Ne1 Bxf1 29. Kxf1 Nc5 30. Ned3 Nxd3 31. Nxd3 Nd6 32. Ke2 Nc4 33. Rb1 b2 34.
f4 f6 35. fxe5 fxe5 36. g4 Ke7 37. Kf2 Rb3 38. Ke2 g5 39. Nc5 Na3 0-1

[Event "Lichtenberger Sommer 2016"]
[Site "?"]
[Date "2016.08.20"]
[Round "8.5"]
[White "Ross, Chris N"]
[Black "Amelang, Thomas"]
[Result "1/2-1/2"]
[WhiteElo "2199"]
[BlackElo "2169"]
[PlyCount "82"]
[EventDate "2016.??.??"]
[WhiteTeam "Schachgemeinschaft Niederkasse"]
[BlackTeam "SK Siemens München"]

1. e4 g6 2. d4 Bg7 3. Nc3 d6 4. Be3 Nf6 5. Qd2 c6 6. Bh6 Bxh6 7. Qxh6 Qa5 8.
Qd2 Nbd7 9. Bd3 c5 10. Nf3 cxd4 11. Nxd4 a6 12. O-O Ne5 13. Nb3 Qb6 14. Kh1 Be6
15. f4 Nxd3 16. Qxd3 Rc8 17. Rf3 O-O 18. Re1 Rfd8 19. f5 Bc4 20. Qd2 Kg7 21.
Nd4 Qxb2 22. fxg6 hxg6 23. Rh3 Ng8 24. Rb1 Qa3 25. Rxb7 Rb8 26. Rxb8 Rxb8 27.
Nb3 Qb4 28. Qd4+ Nf6 29. Qe3 Ng4 30. Qf4 Be6 31. Rf3 Rc8 32. Qd2 Ne5 33. Rg3
Rb8 34. h3 Rc8 35. Nd4 Bd7 36. Kh2 Rc4 37. Nde2 Rc8 38. Nf4 Rb8 39. Nfd5 Qc5
40. Qf4 Nc6 41. Rg5 Qc4 1/2-1/2

[Event "Lichtenberger Sommer 2016"]
[Site "?"]
[Date "2016.08.20"]
[Round "8.6"]
[White "Sabrowski, Uwe"]
[Black "Förster, Jonas"]
[Result "0-1"]
[WhiteElo "2104"]
[BlackElo "2289"]
[PlyCount "58"]
[EventDate "2016.??.??"]
[WhiteTeam "SC Friesen Lichtenberg"]
[BlackTeam "SV Empor Berlin"]

1. d4 g6 2. c4 Bg7 3. e4 c5 4. d5 d6 5. Qc2 e6 6. Nc3 exd5 7. cxd5 Nf6 8. Nf3
O-O 9. Be2 Bg4 10. O-O a6 11. a4 Re8 12. h3 Bxf3 13. Bxf3 Nbd7 14. Bf4 Qc7 15.
g4 h6 16. Bg2 c4 17. Be3 Nc5 18. Bd4 Nb3 19. Be3 Nxa1 20. Rxa1 Nd7 21. Qd2 Nc5
22. Rf1 Kh7 23. f4 Bxc3 24. bxc3 Nxe4 25. Bxe4 Rxe4 26. f5 Rae8 27. fxg6+ fxg6
28. Bxh6 R4e5 29. Bf8 Qc5+ 0-1

[Event "Lichtenberger Sommer 2016"]
[Site "?"]
[Date "2016.08.20"]
[Round "8.7"]
[White "Rietze, Clemens"]
[Black "George, Tom"]
[Result "0-1"]
[WhiteElo "2368"]
[BlackElo "2044"]
[PlyCount "120"]
[EventDate "2016.??.??"]
[WhiteTeam "SC Rotation Pankow"]
[BlackTeam "SG Stadtilm"]

1. d4 d5 2. c4 c6 3. Nf3 Nf6 4. Nc3 e6 5. Bg5 h6 6. Bxf6 Qxf6 7. Qb3 Nd7 8. g3
dxc4 9. Qxc4 e5 10. Rd1 exd4 11. Nxd4 Nb6 12. Qb3 Be7 13. Bg2 O-O 14. O-O Qe5
15. Qc2 Bg4 16. h3 Bd7 17. e4 Rad8 18. f4 Qc5 19. Qf2 Nc4 20. b3 Qa5 21. Rd3
Na3 22. Rfd1 Bb4 23. Qb2 Bc8 24. Nce2 Rfe8 25. Kh2 Qc7 26. Kh1 Be7 27. Qc1 Bb4
28. Nc3 Qa5 29. Nce2 c5 30. Nc2 Rxd3 31. Rxd3 Nxc2 32. Qxc2 b5 33. Nc3 Ba6 34.
Nd5 Ba3 35. Re3 c4 36. bxc4 bxc4 37. Qc3 Qxc3 38. Rxc3 Bb2 39. Rc2 c3 40. Nxc3
Rc8 41. Rxb2 Rxc3 42. Rb8+ Kh7 43. g4 Rc1+ 44. Kh2 Rc2 45. Kg3 Rxa2 46. e5 Ra3+
47. Kh4 Bc4 48. Rb4 Ba2 49. Rd4 a5 50. Be4+ g6 51. Bd3 Be6 52. f5 g5+ 53. Kh5
Bc4 54. h4 Rxd3 55. Rxd3 Bxd3 56. hxg5 hxg5 57. Kxg5 a4 58. Kf6 Bc4 59. g5 a3
60. Ke7 a2 0-1

[Event "Lichtenberger Sommer 2016"]
[Site "?"]
[Date "2016.08.20"]
[Round "8.8"]
[White "Von Herman, Ulf"]
[Black "Böhm, Jürgen"]
[Result "1/2-1/2"]
[WhiteElo "2340"]
[BlackElo "2168"]
[PlyCount "80"]
[EventDate "2016.??.??"]
[WhiteTeam "SK König Tegel"]
[BlackTeam "SF Brackel"]

1. c4 c6 2. e4 d5 3. exd5 cxd5 4. d4 Nf6 5. Nc3 Nc6 6. Bg5 dxc4 7. Nf3 h6 8.
Bxf6 exf6 9. Bxc4 Bd6 10. O-O O-O 11. h3 Bf5 12. Bd3 Bxd3 13. Qxd3 Rc8 14. Rfd1
Qd7 15. Qb5 Rfd8 16. Ne4 Ne5 17. Qb3 Nxf3+ 18. Qxf3 b6 19. Rd2 Bb4 20. Rd3 f5
21. Ng3 g6 22. Rad1 Rc2 23. Rb3 Bd6 24. Ne2 Rc4 25. Rbd3 Rc2 26. Rb3 Rc4 27.
Rbd3 Rdc8 28. Rc3 Rxc3 29. Nxc3 Bb8 30. g3 Re8 31. Kg2 h5 32. Rd3 Kg7 33. Rd2
Re6 34. d5 Re8 35. a4 Bd6 36. Rd4 Be5 37. Rd3 Bxc3 38. bxc3 Qxa4 39. Rd4 Qd7
40. d6 Re4 1/2-1/2

[Event "Lichtenberger Sommer 2016"]
[Site "?"]
[Date "2016.08.20"]
[Round "8.9"]
[White "Möller, Dustin"]
[Black "Rudakov, Aleksandr"]
[Result "1-0"]
[WhiteElo "1985"]
[BlackElo "2242"]
[PlyCount "73"]
[EventDate "2016.??.??"]
[WhiteTeam "Eckernförder SC"]
[BlackTeam "Perovo Moscow"]

1. d4 Nf6 2. c4 c5 3. d5 e6 4. Nc3 exd5 5. cxd5 Bd6 6. Nf3 Bc7 7. d6 Ba5 8. g3
O-O 9. Bg2 Ne4 10. Qd3 Qf6 11. O-O Nxc3 12. bxc3 Qxc3 13. Qb1 Bd8 14. Bb2 Qb4
15. a3 Qb5 16. e3 Nc6 17. Rc1 b6 18. Nd2 Bf6 19. Ra2 Bxb2 20. Rxb2 Qa5 21. Rc4
Re8 22. Rh4 g6 23. Bd5 Qc3 24. Ne4 Rxe4 25. Rxe4 Bb7 26. Qa2 Kg7 27. Rb1 Qd3
28. Rf4 f6 29. Re4 Nb4 30. Re7+ Kh6 31. axb4 Bxd5 32. Qb2 c4 33. Rc1 Qf5 34.
Qd4 Bc6 35. Qh4+ Qh5 36. Qxf6 Qf3 37. Qg7+ 1-0

[Event "Lichtenberger Sommer 2016"]
[Site "?"]
[Date "2016.08.20"]
[Round "8.11"]
[White "Schulz, Michael"]
[Black "Rehberg, Raphael"]
[Result "1-0"]
[WhiteElo "2120"]
[BlackElo "2248"]
[PlyCount "47"]
[EventDate "2016.??.??"]
[WhiteTeam "SC Zitadelle Spandau"]
[BlackTeam "SG Lok Brandenburg"]

1. d4 Nf6 2. Bg5 g6 3. Bxf6 exf6 4. c4 Bg7 5. Nc3 O-O 6. g3 f5 7. Bg2 d6 8. e3
Nd7 9. Nge2 c6 10. O-O Qe7 11. Qd3 Re8 12. b4 Nf6 13. b5 Ne4 14. a4 a5 15. Rab1
Be6 16. Rfc1 d5 17. cxd5 cxd5 18. b6 Ra6 19. Nf4 Rd8 20. Qb5 Qd6 21. Nxe6 Qxe6
22. Nxe4 dxe4 23. Rc7 Rd5 24. Qxa6 1-0

[Event "Lichtenberger Sommer 2016"]
[Site "?"]
[Date "2016.08.20"]
[Round "8.12"]
[White "Teichert, Felix"]
[Black "Dimitrijeski, Kristian"]
[Result "0-1"]
[WhiteElo "1774"]
[BlackElo "2212"]
[PlyCount "82"]
[EventDate "2016.??.??"]
[WhiteTeam "Leegebrucher SF"]
[BlackTeam "SK König Tegel"]

1. e4 e5 2. Bc4 Nf6 3. d3 Bc5 4. Nc3 d6 5. Na4 Bb6 6. Nxb6 axb6 7. f4 O-O 8.
Nf3 exf4 9. O-O d5 10. exd5 Nxd5 11. Bxd5 Qxd5 12. Bxf4 Bg4 13. b3 c5 14. h3
Bh5 15. g4 Bg6 16. a4 Re8 17. Qd2 Nc6 18. Rae1 Rxe1 19. Qxe1 f6 20. Qf2 Nb4 21.
Nh4 Re8 22. Nf3 Re6 23. Re1 Be8 24. Rxe6 Qxe6 25. Qe1 Qf7 26. Qe2 Bc6 27. Ne1
Qd5 28. Kf2 Qd7 29. Bd2 Nd5 30. Nf3 Nc7 31. Nh4 g6 32. Nf3 Ne6 33. Be3 Qd5 34.
Kg3 f5 35. gxf5 Qxf5 36. Qf2 Qd5 37. Qe2 Ng7 38. Kf2 Nf5 39. Ne1 Qe5 40. Ng2
Qg3+ 41. Kg1 Bxg2 0-1

[Event "Lichtenberger Sommer 2016"]
[Site "?"]
[Date "2016.08.20"]
[Round "8.13"]
[White "Frohberg, Marco"]
[Black "Moser, Axel"]
[Result "1/2-1/2"]
[WhiteElo "2197"]
[BlackElo "2137"]
[PlyCount "32"]
[EventDate "2016.??.??"]
[WhiteTeam "Lübecker SV"]
[BlackTeam "SK Handschuhsheim"]

1. c4 f5 2. d4 e6 3. g3 Nf6 4. Bg2 Be7 5. Nf3 O-O 6. O-O d6 7. Qc2 Nc6 8. Nc3
a5 9. a3 e5 10. dxe5 dxe5 11. Nb5 Bc5 12. Bg5 h6 13. Rad1 Qe7 14. Bxf6 Rxf6 15.
Nc3 Rf8 16. e3 g5 1/2-1/2

[Event "Lichtenberger Sommer 2016"]
[Site "?"]
[Date "2016.08.20"]
[Round "8.14"]
[White "Pluska, Alexander"]
[Black "Koop, Thilo"]
[Result "0-1"]
[WhiteElo "2116"]
[BlackElo "2156"]
[PlyCount "104"]
[EventDate "2016.??.??"]
[WhiteTeam "SK Doppelbauer Kiel"]
[BlackTeam "Lübecker SV"]

1. e4 d6 2. d4 Nf6 3. Nc3 g6 4. Be3 c6 5. Qd2 b5 6. Bd3 Nbd7 7. Nf3 Qc7 8. Ne2
Bb7 9. Ng3 a6 10. O-O e5 11. a4 Ng4 12. c3 Nxe3 13. Qxe3 Bg7 14. h4 O-O 15. h5
Nf6 16. dxe5 dxe5 17. h6 Bh8 18. c4 b4 19. c5 a5 20. Nf5 Bc8 21. Nd6 Ng4 22.
Qc1 Be6 23. Bc4 Bxc4 24. Nxc4 Qe7 25. Nd6 Qf6 26. Rd1 Rfd8 27. Rd3 Qf4 28. Qc4
Nxh6 29. Rad1 Rf8 30. Nb7 Nf5 31. Rd7 Nd4 32. Nxd4 exd4 33. Nd6 Be5 34. Rd3
Bxd6 35. Rxd6 Qxe4 36. Qxd4 Qxd4 37. R3xd4 Rac8 38. Re4 Rfd8 39. Re7 Rxd6 40.
cxd6 Rd8 41. Re5 Rxd6 42. Rxa5 Rd1+ 43. Kh2 Rd2 44. b3 Rxf2 45. Ra8+ Kg7 46.
Rb8 c5 47. a5 Ra2 48. Rb5 Ra3 49. Rxc5 Rxb3 50. Rb5 Ra3 51. Rxb4 Rxa5 52. g4 h5
0-1

[Event "Lichtenberger Sommer 2016"]
[Site "?"]
[Date "2016.08.20"]
[Round "8.15"]
[White "Federau, Jürgen"]
[Black "Hansch, Karsten"]
[Result "1/2-1/2"]
[WhiteElo "2094"]
[BlackElo "2265"]
[PlyCount "66"]
[EventDate "2016.??.??"]
[WhiteTeam "SC Kreuzberg"]
[BlackTeam "SC Empor Potsdam"]

1. d4 Nf6 2. c4 g6 3. Nc3 Bg7 4. e4 d6 5. g3 O-O 6. Bg2 e5 7. Nge2 Nc6 8. d5
Nd4 9. O-O c5 10. dxc6 bxc6 11. Nxd4 exd4 12. Qxd4 Nd5 13. Qd3 Nxc3 14. bxc3
Qf6 15. Bf4 Qxc3 16. Qxc3 Bxc3 17. Bxd6 Bxa1 18. Bxf8 Kxf8 19. Rxa1 Rb8 20. e5
c5 21. h4 Ke7 22. Bd5 Rb2 23. a3 Bf5 24. Re1 Rb3 25. Re3 Rxe3 26. fxe3 f6 27.
exf6+ Kxf6 28. e4 Bg4 29. Kf2 Ke5 30. Ke3 h6 31. Bf7 g5 32. hxg5 hxg5 33. Bd5
Bd1 1/2-1/2

[Event "Lichtenberger Sommer 2016"]
[Site "?"]
[Date "2016.08.20"]
[Round "8.16"]
[White "Schiffer, Stefan"]
[Black "Wirth, Heinz"]
[Result "0-1"]
[WhiteElo "2237"]
[BlackElo "1996"]
[PlyCount "92"]
[EventDate "2016.??.??"]
[WhiteTeam "Brühler SK"]
[BlackTeam "SC Weisse Dame (Berlin)"]

1. e4 c5 2. Nf3 e6 3. d3 Nc6 4. g3 d5 5. Qe2 Nge7 6. Bg2 g6 7. Bg5 Bg7 8. c3
O-O 9. O-O h6 10. Bd2 b6 11. Re1 Ba6 12. e5 Rc8 13. Na3 g5 14. h4 gxh4 15. Nxh4
Nxe5 16. Bxh6 Bxh6 17. Qxe5 Bxd3 18. Rad1 Bh7 19. Nb5 Bg7 20. Qf4 a6 21. Na3 c4
22. Rd2 Ng6 23. Nxg6 Bxg6 24. Nc2 Qf6 25. Qe3 Bd3 26. Nb4 Bh6 27. f4 Bf5 28.
Qxb6 Qg6 29. Kf2 Rfe8 30. Rde2 Bf8 31. Nc6 Red8 32. Qb7 Bc5+ 33. Re3 Re8 34.
Nd4 Rb8 35. Qxa6 Rxb2+ 36. R1e2 Bxd4 37. cxd4 Reb8 38. Qa3 Rb1 39. Qd6 Bd3 40.
Re5 Bxe2 41. Rg5 Qxg5 42. fxg5 Bd3 43. Ke3 Rc8 44. Bh3 Bg6 45. Bxe6 Re1+ 46.
Kd2 Rxe6 0-1

[Event "Lichtenberger Sommer 2016"]
[Site "?"]
[Date "2016.08.20"]
[Round "8.17"]
[White "Zschäbitz, Klaus"]
[Black "Schnabel, Ralf"]
[Result "0-1"]
[WhiteElo "2077"]
[BlackElo "2235"]
[PlyCount "146"]
[EventDate "2016.??.??"]
[WhiteTeam "Berliner SchGes Eckbauer"]
[BlackTeam "ESV Nickelhütte Aue"]

1. c4 f5 2. g3 Nf6 3. Bg2 g6 4. Nc3 Bg7 5. d3 d6 6. e4 c5 7. exf5 gxf5 8. Nge2
Nc6 9. d4 cxd4 10. Nxd4 Bd7 11. O-O O-O 12. Nd5 Ne4 13. Be3 Ne5 14. b3 Ng4 15.
Rc1 e6 16. Nc3 Nxe3 17. fxe3 Nxc3 18. Rxc3 Qb6 19. Rd3 Rad8 20. Kh1 Be5 21. Qf3
Bc8 22. Qh5 Kh8 23. Nf3 Qc7 24. Nxe5 dxe5 25. Rxd8 Qxd8 26. e4 Qf6 27. g4 f4
28. Bf3 Rd8 29. Rf2 b6 30. g5 Qg6 31. Qxg6 hxg6 32. Kg2 Bb7 33. Re2 a5 34. Kf2
Bc6 35. Ke1 Rd3 36. Kf2 Kg7 37. Rb2 Rd4 38. Re2 Kf7 39. h4 Ke7 40. Ke1 Rd3 41.
Kf2 Kd6 42. h5 gxh5 43. g6 Ke7 44. Bxh5 Kf6 45. Re1 Rd4 46. Rg1 Kg7 47. Rg5
Bxe4 48. Rxe5 Kf6 49. Rb5 Rd2+ 50. Ke1 Rd6 51. c5 Rd5 52. g7 Kxg7 53. Rxb6 Rxh5
54. Rxe6 Bb1 55. c6 Bxa2 56. Re4 Rc5 57. b4 axb4 58. Rxb4 f3 59. Rb7+ Kf6 60.
c7 Ke6 61. Rb6+ Kd7 62. Rf6 Bd5 63. Kf2 Rxc7 64. Kf1 Ke7 65. Rf4 Ke6 66. Rf8
Rc2 67. Rf4 Ke5 68. Rf8 Kd4 69. Rd8 Ke5 70. Rf8 Ke4 71. Kg1 Ke3 72. Re8+ Be4
73. Rf8 Rc1+ 0-1

[Event "Lichtenberger Sommer 2016"]
[Site "?"]
[Date "2016.08.20"]
[Round "8.18"]
[White "Stiemerling, Wilfried"]
[Black "Simon, Ralf-Axel"]
[Result "1-0"]
[WhiteElo "2117"]
[BlackElo "2162"]
[PlyCount "109"]
[EventDate "2016.??.??"]
[WhiteTeam "BSG Pneumant Fürstenwalde"]
[BlackTeam "TSG Neuruppin"]

1. Nf3 c5 2. b3 d5 3. e3 Nc6 4. Bb5 e6 5. Bb2 Nf6 6. O-O Bd6 7. Ne5 Qb6 8.
Bxc6+ bxc6 9. d3 O-O 10. Nd2 Ne8 11. h3 Qc7 12. Nef3 e5 13. e4 g6 14. Re1 f6
15. Nb1 Ng7 16. Nc3 Be6 17. exd5 cxd5 18. Nb5 Qc6 19. Nxd6 Qxd6 20. Qd2 Qc6 21.
Nh2 g5 22. Ng4 d4 23. f3 Rae8 24. Ba3 Bxg4 25. fxg4 h5 26. Qe2 h4 27. Qe4 Qxe4
28. Rxe4 Rc8 29. Bc1 Ne6 30. Bd2 Kg7 31. Rf1 Kg6 32. Ree1 Rfd8 33. Rf3 Rd6 34.
Ref1 Ng7 35. Re1 Rcc6 36. Bc1 Ra6 37. a3 Ne6 38. a4 Rac6 39. Re4 Nc7 40. Ba3
Nd5 41. Re2 Nc3 42. Re1 Re6 43. Rf2 e4 44. dxe4 Rxe4 45. Rxe4 Nxe4 46. Rf5 Ng3
47. Rxc5 Re6 48. Bb4 Re2 49. Rc7 d3 50. cxd3 Rb2 51. Bf8 f5 52. gxf5+ Kxf5 53.
b4 Kf4 54. Rf7+ Ke3 55. Rf3+ 1-0

[Event "Lichtenberger Sommer 2016"]
[Site "?"]
[Date "2016.08.20"]
[Round "8.19"]
[White "Hermannsdörfer, Frank"]
[Black "Kather, Yannick"]
[Result "1/2-1/2"]
[WhiteElo "2188"]
[BlackElo "2037"]
[PlyCount "63"]
[EventDate "2016.??.??"]
[WhiteTeam "SV Liebschwitz"]
[BlackTeam "SC Weisse Dame (Berlin)"]

1. b3 e5 2. Bb2 Nc6 3. e3 a6 4. d3 Nf6 5. g3 d5 6. Bg2 Bd6 7. Ne2 Bd7 8. Nd2
O-O 9. h3 Ne7 10. a3 c5 11. c4 Bc6 12. e4 dxe4 13. dxe4 Ne8 14. Nc3 Nf5 15. Nd5
Nd4 16. O-O Nc7 17. Bxd4 cxd4 18. Nb6 Rb8 19. b4 Na8 20. Nd5 Nc7 21. Qb3 Kh8
22. f4 f5 23. c5 fxe4 24. Nb6 exf4 25. cxd6 f3 26. Nbc4 Nb5 27. Nxe4 fxg2 28.
Rxf8+ Qxf8 29. Ne5 Bxe4 30. Nf7+ Kg8 31. Nh6+ Kh8 32. Nf7+ 1/2-1/2

[Event "Lichtenberger Sommer 2016"]
[Site "?"]
[Date "2016.08.20"]
[Round "8.20"]
[White "Kohler, Thomas"]
[Black "Kornrumpf, Joachim"]
[Result "1-0"]
[WhiteElo "2184"]
[BlackElo "2076"]
[PlyCount "49"]
[EventDate "2016.??.??"]
[WhiteTeam "SC Zitadelle Spandau"]
[BlackTeam "Preetzer TSV"]

1. Nf3 c5 2. g3 b6 3. Bg2 Bb7 4. O-O Nf6 5. c4 e6 6. Nc3 Be7 7. Re1 d6 8. e4 a6
9. d4 cxd4 10. Nxd4 Qc7 11. Bf4 Nbd7 12. Nd5 exd5 13. exd5 O-O 14. Rxe7 Rfe8
15. Nf5 Rxe7 16. Bxd6 Qxc4 17. Nxe7+ Kh8 18. Rc1 Qxa2 19. Rc7 Rb8 20. Qc1 Nc5
21. Rxc5 bxc5 22. Bxb8 Qb3 23. Be5 Nxd5 24. Nxd5 Bxd5 25. Qd2 1-0

[Event "Lichtenberger Sommer 2016"]
[Site "?"]
[Date "2016.08.20"]
[Round "8.21"]
[White "Poseck, Steffen"]
[Black "Gaerths, Ronny"]
[Result "1/2-1/2"]
[WhiteElo "2039"]
[BlackElo "2169"]
[PlyCount "92"]
[EventDate "2016.??.??"]
[WhiteTeam "BSV 63 Chemie Weißensee"]
[BlackTeam "SG TT/Wiheil (FV Schach)"]

1. b3 d6 2. Bb2 e5 3. e3 Nf6 4. c4 Be7 5. d3 O-O 6. Nd2 Nbd7 7. Be2 c6 8. Ngf3
Re8 9. Qc2 a5 10. a3 Bf8 11. O-O g6 12. Rfd1 Bg7 13. b4 d5 14. Bc3 a4 15. Qb2
Qe7 16. Bf1 h6 17. Rac1 Kh7 18. b5 c5 19. d4 e4 20. Ne5 Nxe5 21. dxe5 Ng4 22.
h3 Nxe5 23. cxd5 Bf5 24. Nc4 Nxc4 25. Bxc4 Bxc3 26. Qxc3 Qd6 27. b6 Bd7 28. Rd2
Rac8 29. Qa5 Ra8 30. Qc3 Rac8 31. Qa5 Ra8 32. Qc3 g5 33. Rb2 Rac8 34. Bb5 Bxb5
35. Rxb5 Qxd5 36. Rxc5 Rxc5 37. Qxc5 Qxc5 38. Rxc5 Re6 39. Rc4 Rxb6 40. Rxa4
Rb1+ 41. Kh2 f5 42. g4 Kg6 43. gxf5+ Kxf5 44. Ra5+ Kf6 45. Ra4 Kf5 46. Ra5+ Kf6
1/2-1/2

[Event "Lichtenberger Sommer 2016"]
[Site "?"]
[Date "2016.08.20"]
[Round "8.22"]
[White "Kröncke, Manfred"]
[Black "Krefenstein, Sergej"]
[Result "0-1"]
[WhiteElo "2039"]
[BlackElo "2187"]
[PlyCount "114"]
[EventDate "2016.??.??"]
[WhiteTeam "SG Glückstadt"]
[BlackTeam "TuS Makkabi Berlin"]

1. e4 c5 2. Nf3 d6 3. Bb5+ Nd7 4. O-O a6 5. Bxd7+ Bxd7 6. a4 g6 7. Re1 Bg7 8.
e5 dxe5 9. Nxe5 Be6 10. Nc3 Nf6 11. d3 O-O 12. h3 Nd5 13. Bd2 Nb4 14. Rc1 Rc8
15. Qe2 Nc6 16. Nxc6 Rxc6 17. b3 Bd4 18. Qf3 Qd7 19. Re2 Re8 20. Rce1 f5 21. a5
Bf7 22. Na4 Bf6 23. Nb6 Qd8 24. Bf4 Bc3 25. Bd2 Bxd2 26. Rxd2 Qc7 27. Rde2 e5
28. Nc4 Bxc4 29. dxc4 Qxa5 30. Qd5+ Kf8 31. f3 Qc3 32. Re3 Qd4 33. Qxd4 cxd4
34. Rxe5 Rxe5 35. Rxe5 Rd6 36. Rc5 Ke8 37. Rc7 Rd7 38. Rxd7 Kxd7 39. f4 Kc6 40.
Kf2 Kc5 41. Ke2 b5 42. cxb5 Kxb5 43. Kd3 Kc5 44. c3 dxc3 45. Kxc3 Kd5 46. Kd3
a5 47. g3 Kc5 48. Kc3 Kb5 49. h4 Kc5 50. Kd3 Kb4 51. Kc2 Ka3 52. Kc3 Ka2 53.
Kc2 h6 54. Kc3 Kb1 55. Kd3 Kb2 56. h5 gxh5 57. Kc4 Kc2 0-1

[Event "Lichtenberger Sommer 2016"]
[Site "?"]
[Date "2016.08.20"]
[Round "8.23"]
[White "Guenther, Thomas"]
[Black "Nötzel, Felix"]
[Result "0-1"]
[WhiteElo "2044"]
[BlackElo "2212"]
[PlyCount "54"]
[EventDate "2016.??.??"]
[WhiteTeam "SV Senat (FV Schach)"]
[BlackTeam "SF 1903 Berlin"]

1. d4 d5 2. Nf3 c6 3. e3 Nf6 4. c4 e6 5. Nc3 Nbd7 6. Bd3 dxc4 7. Bxc4 b5 8. Bd3
Bd6 9. O-O O-O 10. Bd2 Bb7 11. Rc1 Rc8 12. Ne4 Nxe4 13. Bxe4 Nf6 14. Bd3 c5 15.
dxc5 Bxh2+ 16. Kxh2 Qxd3 17. Ba5 Qf5 18. Nd4 Ng4+ 19. Kg3 Qe5+ 20. f4 Qxe3+ 21.
Kxg4 f5+ 22. Kh4 Rf6 23. Rc3 Rh6+ 24. Kg5 Qe4 25. Rf2 Rf8 26. Nf3 Rg6+ 27. Kh4
Qxf4+ 0-1

[Event "Lichtenberger Sommer 2016"]
[Site "?"]
[Date "2016.08.20"]
[Round "8.24"]
[White "Brümmel, Arend"]
[Black "Schnabel, Bennett"]
[Result "1-0"]
[WhiteElo "2152"]
[BlackElo "2044"]
[PlyCount "65"]
[EventDate "2016.??.??"]
[WhiteTeam "Stader SV"]
[BlackTeam "SV Mattnetz Berlin"]

1. d4 f5 2. c4 Nf6 3. Nc3 d6 4. Bg5 Nbd7 5. Qc2 g6 6. h4 h6 7. Bxf6 Nxf6 8.
O-O-O Bg7 9. Nh3 Be6 10. Nf4 Bf7 11. h5 g5 12. Ng6 Bxg6 13. hxg6 Qd7 14. e3 Rf8
15. Bd3 e6 16. d5 Ng4 17. dxe6 Qxe6 18. Nd5 O-O-O 19. Bxf5 Rxf5 20. Qxf5 Re8
21. Qc2 c6 22. Nb4 Nxf2 23. Qxf2 Qxc4+ 24. Nc2 Qxa2 25. Nd4 Qa1+ 26. Kc2 Qa4+
27. Kb1 c5 28. Qc2 Qb4 29. Nf5 Be5 30. g7 Kd7 31. Nxd6 Bxd6 32. Rxh6 c4 33.
Qf5+ 1-0

[Event "Lichtenberger Sommer 2016"]
[Site "?"]
[Date "2016.08.20"]
[Round "8.25"]
[White "Schmidt, Jürgen"]
[Black "Gallien, Fabian"]
[Result "1/2-1/2"]
[WhiteElo "1944"]
[BlackElo "2146"]
[PlyCount "121"]
[EventDate "2016.??.??"]
[WhiteTeam "SC Kreuzberg"]
[BlackTeam "SW Lichtenrade"]

1. e4 e5 2. Nf3 Nc6 3. Bb5 a6 4. Ba4 Nf6 5. O-O Be7 6. Re1 b5 7. Bb3 d6 8. c3
O-O 9. h3 Na5 10. Bc2 c5 11. d4 Nd7 12. Nbd2 exd4 13. cxd4 Nc6 14. e5 dxe5 15.
dxe5 Nb6 16. Qe2 Qc7 17. b3 Nb4 18. Bb1 Be6 19. Ne4 N4d5 20. Neg5 g6 21. Nxe6
fxe6 22. Ng5 Bxg5 23. Bxg5 Nc3 24. Qg4 Qf7 25. Be3 Nd7 26. Qg3 Nxb1 27. Raxb1
Rac8 28. Rbd1 Rc6 29. Rd2 Nb6 30. Rd6 Rxd6 31. exd6 Nd7 32. Bh6 Re8 33. Re3 e5
34. Bg5 Qf5 35. Be7 c4 36. bxc4 bxc4 37. Kh2 Rc8 38. Rf3 Qe6 39. h4 e4 40. Re3
Qf5 41. f3 exf3 42. Rxf3 Qe5 43. Qxe5 Nxe5 44. Rc3 Kf7 45. Kg3 Ke8 46. Kf4 Rc5
47. Re3 Nd3+ 48. Kf3 Kd7 49. Ke4 Nb4 50. a3 Nc6 51. Rc3 h5 52. Bf6 Kxd6 53. Bd4
Rb5 54. Rxc4 Rb1 55. Bc5+ Ke6 56. Be3 Ne7 57. Ra4 Nf5 58. Rxa6+ Kf7 59. Ra7+
Ke6 60. Ra6+ Kf7 61. Ra7+ 1/2-1/2

[Event "Lichtenberger Sommer 2016"]
[Site "?"]
[Date "2016.08.20"]
[Round "8.26"]
[White "Stark, Ingo"]
[Black "Oginski, Ulrich"]
[Result "1-0"]
[WhiteElo "2183"]
[BlackElo "1769"]
[PlyCount "89"]
[EventDate "2016.??.??"]
[WhiteTeam "TSG Oberschöneweide"]
[BlackTeam "SC Weisse Dame (Berlin)"]

1. e4 c6 2. Nc3 d5 3. Nf3 Bg4 4. h3 Bxf3 5. Qxf3 e6 6. d3 Nd7 7. g4 Bd6 8. g5
Ne7 9. h4 Qb6 10. a3 Ne5 11. Qh3 N5g6 12. h5 Nf4 13. Qf3 Qc7 14. Ne2 Nxe2 15.
Bxe2 Rf8 16. Qg4 O-O-O 17. Bd2 dxe4 18. dxe4 Be5 19. c3 Kb8 20. f4 Rxd2 21.
Kxd2 Bxf4+ 22. Kc2 Qe5 23. Rhg1 h6 24. gxh6 Bxh6 25. Qh4 Nc8 26. Rad1 f6 27.
Bd3 Nd6 28. Kb1 Re8 29. Ka1 Nf7 30. Bc2 Qc5 31. Qg3+ e5 32. Rd7 Nd8 33. Rgd1
Ne6 34. Bb3 Nf4 35. Qg4 a6 36. Ka2 Qe3 37. Qf5 Rc8 38. Re7 Nd3 39. Qd7 Nc5 40.
Qd6+ Ka7 41. Bc2 Nxe4 42. Qd7 Rb8 43. Qxc6 Nd2 44. Rxd2 Qxd2 45. Be4 1-0

[Event "Lichtenberger Sommer 2016"]
[Site "?"]
[Date "2016.08.20"]
[Round "8.27"]
[White "Kapr, Klaus"]
[Black "Roth, Josef"]
[Result "1-0"]
[WhiteElo "1990"]
[BlackElo "2091"]
[PlyCount "55"]
[EventDate "2016.??.??"]
[WhiteTeam "SC Friesen Lichtenberg"]
[BlackTeam "SK König Tegel"]

1. e4 c5 2. Nf3 Nc6 3. d4 cxd4 4. Nxd4 Nf6 5. Nc3 d6 6. Be2 e5 7. Ndb5 a6 8.
Na3 b5 9. Nd5 Nxd5 10. exd5 Nb8 11. c4 bxc4 12. Nxc4 Be7 13. Bd2 a5 14. Qa4+
Bd7 15. Qb3 O-O 16. Qb7 Ra6 17. O-O f5 18. Rab1 f4 19. Na3 Rb6 20. Qa7 Rb4 21.
Bxb4 axb4 22. Nc2 f3 23. Bxf3 Rxf3 24. gxf3 Bf5 25. Ne3 Bxb1 26. Rxb1 Nd7 27.
Rc1 Nc5 28. Nf5 1-0

[Event "Lichtenberger Sommer 2016"]
[Site "?"]
[Date "2016.08.20"]
[Round "8.28"]
[White "Schliebener, Stephan"]
[Black "Goldenstein, Arnd"]
[Result "0-1"]
[WhiteElo "2207"]
[BlackElo "2016"]
[PlyCount "116"]
[EventDate "2016.??.??"]
[WhiteTeam "BSV 63 Chemie Weißensee"]
[BlackTeam "Klub Kölner SF"]

1. c4 c5 2. g3 Nc6 3. Nf3 e5 4. a3 a5 5. Nc3 g6 6. d3 Bg7 7. Bg2 Nge7 8. e4 O-O
9. Be3 d6 10. O-O f5 11. Bg5 h6 12. Bxe7 Nxe7 13. b4 axb4 14. axb4 Rxa1 15.
Qxa1 cxb4 16. Na2 fxe4 17. dxe4 Bg4 18. Nd2 Qb6 19. Nc1 Nc6 20. h3 Be6 21. Ncb3
Bf6 22. Qe1 Nd4 23. Qe3 Bg5 24. f4 Nf3+ 25. Kf2 Qxe3+ 26. Kxe3 Nxd2 27. Nxd2
exf4+ 28. gxf4 Bf6 29. Rc1 Rc8 30. Bf1 b6 31. Nf3 Ra8 32. Nd4 Ra3+ 33. Bd3 Bd7
34. Rb1 Bxh3 35. Nb5 Bc3 36. Rh1 Bg4 37. Nxa3 bxa3 38. Bb1 Kg7 39. Rh2 Bb2 40.
Kd3 Be6 41. Rf2 Bf7 42. Ba2 b5 43. Kc2 bxc4 44. Kb1 g5 45. fxg5 hxg5 46. Kc2
Be6 47. Kd1 g4 48. Ke1 g3 49. Rf3 Be5 50. Rxa3 Bh3 51. Ra7+ Kh6 52. Ra8 g2 53.
Rg8 c3 54. Bd5 Bg7 55. Kf2 Bd4+ 56. Ke2 g1=Q 57. Rxg1 Bxg1 58. Kd3 Bd4 0-1

[Event "Lichtenberger Sommer 2016"]
[Site "?"]
[Date "2016.08.20"]
[Round "8.29"]
[White "Neumann, Thomas"]
[Black "Kohlmeyer, Dagobert"]
[Result "1-0"]
[WhiteElo "2151"]
[BlackElo "1877"]
[PlyCount "81"]
[EventDate "2016.??.??"]
[WhiteTeam "Borussia Friedrichsfelde"]
[BlackTeam "SC Rochade (Berlin)"]

1. d4 Nf6 2. c4 g6 3. Nc3 d5 4. cxd5 Nxd5 5. e4 Nxc3 6. bxc3 Bg7 7. Bc4 O-O 8.
Ne2 c5 9. Be3 cxd4 10. cxd4 Nc6 11. O-O Bg4 12. f3 Bd7 13. Rb1 Na5 14. Bd5 Bc8
15. Bg5 Qd7 16. Qd2 Nc6 17. Rfd1 e6 18. Bb3 Ne7 19. Rbc1 Re8 20. Rc4 b5 21. Rc5
Bb7 22. Qa5 a6 23. Rc7 Nc6 24. Qb6 Qd6 25. e5 Qb4 26. Qxb7 Na5 27. Bd2 Qxd2 28.
Rxd2 Nxb7 29. Rxb7 Rec8 30. Kf2 Bf8 31. Rc2 b4 32. Rxc8 Rxc8 33. Ra7 Rc6 34.
Ba4 Rb6 35. Be8 f5 36. exf6 Rb8 37. Ba4 a5 38. Bb3 Rb6 39. Nf4 a4 40. Bxa4 Bh6
41. Nxe6 1-0